Nucleic Acids (Record no. 479528)

000 -LEADER
fixed length control field 00325nam a22001217a 4500
008 - FIXED-LENGTH DATA ELEMENTS--GENERAL INFORMATION
fixed length control field 140514t xxu||||| |||| 00| 0 eng d
020 ## - INTERNATIONAL STANDARD BOOK NUMBER
International Standard Book Number 0-935702-49-0
100 ## - MAIN ENTRY--PERSONAL NAME
Personal name Victor A. Bloomfield
9 (RLIN) 845
245 ## - TITLE STATEMENT
Title Nucleic Acids
Remainder of title Structures, Properties, And Functions
246 ## - VARYING FORM OF TITLE
Title proper/short title nucleic acids
300 ## - PHYSICAL DESCRIPTION
Extent 794
942 ## - ADDED ENTRY ELEMENTS (KOHA)
Source of classification or shelving scheme
Koha item type Book
Holdings
Withdrawn status Lost status Source of classification or shelving scheme Damaged status Not for loan Collection code Permanent Location Current Location Date acquired Total Checkouts Full call number Barcode Date last seen Price effective from Koha item type
            Atta-ur-Rahman School of Applied Biosciences (ASAB) Atta-ur-Rahman School of Applied Biosciences (ASAB) 11/30/2016   572.8 BLO ASAB832 11/30/2016 11/30/2016 Book
© 2023 Central Library, National University of Sciences and Technology. All Rights Reserved.